|
|
|
|
| LEADER |
00000nam0a2200000 4500 |
| 001 |
34233 |
| 005 |
20231030224549.0 |
| 035 |
|
|
|a (RuTPU)RU\TPU\book\34618
|
| 035 |
|
|
|a BOOK00001269
|
| 090 |
|
|
|a 34233
|
| 100 |
|
|
|a 20011210d1977 k y0rusy50 ca
|
| 101 |
0 |
|
|a rus
|
| 102 |
|
|
|a RU
|
| 105 |
|
|
|a a z 000zy
|
| 200 |
1 |
|
|a Автоматизация контроля радиоэлектронной аппаратуры
|f В. Д. Кудрицкий, М. А. Синица, П. И. Чинаев
|
| 210 |
|
|
|a Москва
|c Советское радио
|d 1977
|
| 215 |
|
|
|a 256 с.
|c ил.
|
| 610 |
1 |
|
|a автоматическое управление
|
| 610 |
1 |
|
|a теория
|
| 610 |
1 |
|
|a РЭА
|
| 610 |
1 |
|
|a радиоэлектронная аппаратура
|
| 610 |
1 |
|
|a контроль
|
| 610 |
1 |
|
|a автоматизация
|
| 610 |
1 |
|
|a расчеты
|
| 610 |
1 |
|
|a применение
|
| 675 |
|
|
|a 621.396.66
|v 3
|
| 675 |
|
|
|a 658.562.011.56
|v 3
|
| 700 |
|
1 |
|a Кудрицкий
|b В. Д.
|g Вячеслав Дмитриевич
|
| 701 |
|
1 |
|a Синица
|b М. А.
|g Михаил Алексеевич
|
| 701 |
|
1 |
|a Чинаев
|b П. И.
|g Петр Иванович
|
| 801 |
|
0 |
|a RU
|b 63413507
|c 20011210
|g PSBO
|
| 801 |
|
2 |
|a RU
|b 63413507
|c 20161018
|g RCR
|
| 900 |
|
|
|a Теория автоматического управления
|
| 942 |
|
|
|c BK
|